| 000 | 00501nam a2200145 4500 | ||
|---|---|---|---|
| 008 | 171103b xxu||||| |||| 00| 0 eng d | ||
| 022 | _a0115-3544 | ||
| 082 |
_2July 2007-Oct 2010 _aDPer 338.0405 _bEn85 |
||
| 245 | _aEntrepreneur. | ||
| 260 |
_aIrvine, California : _bEntrepreneur Media, _cJuly 2007 - Oct 2010. |
||
| 300 |
_a1(various paging): _bcolor illustrations; _c27 cm. |
||
| 650 | 0 |
_923104 _aEntrepreneurship -- Periodicals. |
|
| 650 | 0 |
_923105 _aEntrepreneur -- Periodicals. |
|
| 942 |
_2ddc _cPER |
||
| 999 |
_c7664 _d7664 |
||